| 000 | 00529nam a2200169Ia 4500 | ||
|---|---|---|---|
| 008 | 260520s2025 xx 000 0 und d | ||
| 020 | _a978-93-95596-93-0 | ||
| 041 | _amar | ||
| 082 | _a658.0546/TAL | ||
| 100 | _aतलवारे, जितेंद्र | ||
| 245 | _aडिजिटल अर्थव्यवस्था | ||
| 250 | _a1st ed | ||
| 260 |
_aजळगाव _bप्राईम पब्लिशिंग हाऊस _c2025 |
||
| 300 | _a126p. | ||
| 500 | _aCat No: 14985 | ||
| 650 | _aMANAGEMENT | ||
| 999 |
_c1221791 _d1221791 |
||